Normal view
MARC view
Entry Topical Term
001 - CONTROL NUMBER
- control field: 26895
003 - CONTROL NUMBER IDENTIFIER
- control field: OSt
005 - DATE AND TIME OF LATEST TRANSACTION
- control field: 20210817105340.0
008 - FIXED-LENGTH DATA ELEMENTS
- fixed length control field: 210817|| aca||aabn | a|a d
040 ## - CATALOGING SOURCE
- Original cataloging agency: OSt
- Transcribing agency: OSt
150 ## - HEADING--TOPICAL TERM
- Topical term or geographic name entry element: Austerity, Project, visions and plans, Spaces and governance, Infrastructures, Spatialised politics
670 ## - SOURCE DATA FOUND
- Source citation: Work cat.: (OSt): Cochrane, Allan 26894, In and beyond local government: Making up new spaces of governance
